| 000 | 00444cam a2200181ua 4500 | ||
|---|---|---|---|
| 020 | _c32.00 | ||
| 041 |
_aeng _h |
||
| 082 |
_a539.7 _bELT/IN |
||
| 100 | _aElton , L R B . | ||
| 245 |
_aIntroducing nuclear theory / _cL R B Elton. _hTextual Documents |
||
| 250 |
_a1 / _b. |
||
| 260 |
_aLondon : _bSir Isaac Pitman & Sons Ltd , _c1962. |
||
| 300 | _a286 ; . | ||
| 365 | _a32.00 | ||
| 504 | _a | ||
| 942 | _cBK | ||
| 999 |
_c7555 _d7555 |
||